000 00865nam a2200217Ia 4500
001 8437
003 GE_BSU
008 181216s||||||||xx |||||||||||||| ||und||
040 _cGE_BSU
080 _a39(=353.1)+821.353.1-1
100 _aვაჟა-ფშაველა
245 _aეთნოგრაფიული წერილები.
245 _cრედ. და წინასიტყვ. ავტ.:გერონტი ქიქოძე.
250 _aსსრკ მეცნ. აკადემია– საქ. ფილიალი
260 _aთბილისი.
260 _bსსრკ მეცნ. აკად. საქ. ფილიალის გამ–ბა
260 _c1937
300 _a193 გვ; 21 სმ.
653 _aეთნოგრაფიული წერილები.
942 _cBK
999 _c41756
_d41756